| 000 | 00816nam a2200265Ia 4500 | ||
|---|---|---|---|
| 003 | OSt | ||
| 005 | 20220928115727.0 | ||
| 006 | a|||||r|||| 00| 0 | ||
| 007 | ta | ||
| 008 | 220927b |||||||| |||| 00| 0 eng d | ||
| 024 | _a519 | ||
| 037 | _cTextual | ||
| 040 |
_aSDCL _cSDCL _beng |
||
| 041 |
_2eng _aeng |
||
| 082 | _aX:(C), P6 | ||
| 100 |
_aNamatame Akira _9445795 |
||
| 245 | 0 |
_aComplex networks of economic interactions _bEssays in agent-based economics and econophysics |
|
| 260 |
_aNew York _b Springer _c2006 |
||
| 300 |
_axi,347p _ccm. |
||
| 490 | _aLecture notes in economics and mathematical systems | ||
| 650 |
_aEconophysics _9445796 |
||
| 700 |
_a Kaizouji Taisei _9445797 |
||
| 942 |
_hX:(C), P6 _cTEXL _2CC |
||
| 999 |
_c760688 _d760688 |
||